Rubber waste : Options for small-scale resource recovery (Record no. 41092)

MARC details
000 -LEADER
fixed length control field 00422nam a2200133Ia 4500
082 ## - DEWEY DECIMAL CLASSIFICATION NUMBER
Classification number NR:62:678.028.6
Item number AHM
245 #0 - TITLE STATEMENT
Title Rubber waste : Options for small-scale resource recovery
260 ## - PUBLICATION, DISTRIBUTION, ETC. (IMPRINT)
Place of publication Nerthlands
Name of publisher Tool Technology Transfer for Development
Year of publication 1996
490 ## - SERIES STATEMENT
Series statement Urban solid waste series 3
650 ## - SUBJECT ADDED ENTRY--TOPICAL TERM
Topical Term Rubber wasterecovery
700 ## - ADDED ENTRY--PERSONAL NAME
Personal name Ahmed, Rehman
942 ## - ADDED ENTRY ELEMENTS (KOHA)
Koha item type Books
Holdings
Withdrawn status Lost status Damaged status Not for loan Home library Current library Date acquired Full call number Accession Number Koha item type
        RRII Library RRII Library 16/12/2021 NR:62:678.028.6 AHM 21384 Books